Business communication (Record no. 12361)

MARC details
000 -LEADER
fixed length control field 00502nam a22001937a 4500
003 - CONTROL NUMBER IDENTIFIER
control field mut
005 - DATE AND TIME OF LATEST TRANSACTION
control field 20240606081223.0
008 - FIXED-LENGTH DATA ELEMENTS--GENERAL INFORMATION
fixed length control field 170929b xxu||||| |||| 00| 0 eng d
020 ## - INTERNATIONAL STANDARD BOOK NUMBER
International Standard Book Number 9780070319721
040 ## - CATALOGING SOURCE
Transcribing agency mut
050 ## - LIBRARY OF CONGRESS CALL NUMBER
Classification number HF5718
Item number .L6335 2012
100 ## - MAIN ENTRY--PERSONAL NAME
Personal name Locker, Kitty O.
245 ## - TITLE STATEMENT
Title Business communication
250 ## - EDITION STATEMENT
Edition statement 2nd Canadian ed.
260 ## - PUBLICATION, DISTRIBUTION, ETC.
Place of publication, distribution, etc. USA
Name of publisher, distributor, etc. McGraw-Hill/ Ryerson
Date of publication, distribution, etc. c2012
650 ## - SUBJECT ADDED ENTRY--TOPICAL TERM
Topical term or geographic name entry element Business communication
Form subdivision Textbooks
700 ## - ADDED ENTRY--PERSONAL NAME
Personal name Findlay, Isobel M.
942 ## - ADDED ENTRY ELEMENTS (KOHA)
Source of classification or shelving scheme Library of Congress Classification
Koha item type Books
Holdings
Withdrawn status Lost status Source of classification or shelving scheme Damaged status Not for loan Home library Current library Shelving location Date acquired Source of acquisition Total checkouts Full call number Barcode Date last seen Price effective from Koha item type
    Library of Congress Classification     MUT Mariira Campus Library MUT Mariira Campus Library General stacks 23/10/2023 Donation-TFC   HF5718 .L6335 2012 021666 23/10/2023 23/10/2023 Books
    Library of Congress Classification     Murang'a University of Technology Library Murang'a University of Technology Library General stacks 29/09/2017 Donation-TFC   HF5718 .L6335 2012 014506 30/08/2024 29/09/2017 Books
    Library of Congress Classification     Murang'a University of Technology Library Murang'a University of Technology Library General stacks 07/12/2017 Donation-TFC   HF5718 .L6335 2012 017620 07/12/2017 07/12/2017 Books
    Library of Congress Classification     Murang'a University of Technology Library Murang'a University of Technology Library General stacks 13/12/2017 Donation TFT   HF5718 .L6335 2012 017686 13/12/2017 13/12/2017 Books
    Library of Congress Classification     Murang'a University of Technology Library Murang'a University of Technology Library General stacks 22/02/2018 Donation-TFC   HF5718 .L6335 2012 019382 30/08/2024 22/02/2018 Books
    Library of Congress Classification     Murang'a University of Technology Library Murang'a University of Technology Library General stacks 12/03/2018 Donation TFT   HF5718 .L6335 2012 019657 30/08/2024 12/03/2018 Books
    Library of Congress Classification     Murang'a University of Technology Library Murang'a University of Technology Library General stacks 12/07/2018 Donation from-TFC   HF 5718 .L6335 2012 022965 12/07/2018 12/07/2018 Books
    Library of Congress Classification     Murang'a University of Technology Library Murang'a University of Technology Library General stacks 16/01/2019 Donation -TFC   HF 5718 L6335 2012 024411 16/01/2019 16/01/2019 Books
    Library of Congress Classification     Murang'a University of Technology Library Murang'a University of Technology Library General stacks 26/06/2019 Donation-TFC   HF5718 .L6335 2012 026791 30/08/2024 26/06/2019 Books
    Library of Congress Classification     Murang'a University of Technology Library Murang'a University of Technology Library General stacks 05/07/2019 Donation-TFC   HF5718 .L6335 2012 026952 30/08/2024 05/07/2019 Books